00365nam a2200145Ia 4500003000400000008004100004040001600045082001300061100001700074245003900091260004200130300001000172650001500182650002200197GCL140319s9999 xx 000 0 eng d aGCL / cGCL04a840bB M1 aBECHEUR, ALI10aDE MIEL & D'ALOES / cBECHEUR, ALI a[S.N] : bCERES PRODUCTIONS ، c1989 a211 P04aLITERATURE04aFRENCH LITERATURE